01162nam a2200301 i 4500001001000000003000900010005001700019007000300036008004100039040003000080041000800110082002700118245002900145264007300174300005800247336002700305337003300332338002800365590002600393650007000419650008600489650002400575710005400599910003700653942001400690952013900704999001700843000047752DO-SdBNP20260317094517.0ta090706s2011 dr a r 000 0 spa d aDO-SdBNPbspacBNPHUerda aspa 4a331.12bM553t 201122200aMercado de trabajo 2011. 1aSanto Domingo :bBanco Central de la República Dominicana,c2011?. a194 p.áginas :bilustraciones, gráficos ;c21 cm. atextobtxt2rdacontent asin mediaciónbn2rdamedia avolumenbnc2rdacarrier aInventariado, 2018/VM 7aMercado de trabajozRepública Dominicanay20112LIBRUNAM919058 7aMercado de trabajozRepública Dominicanay2011vEstadísticas2LIBRUNAM919058 4aEmpleoy20119753562 aBanco Central de la República Dominicana983405 aValidado. Control de calidad MFF 2ddccLBS1 00102ddc51708PDaBNPHUbBNPHUcHDd2018-07-31l0oBNPHU PD 331.12 M553t 2011p47752-10r2020-06-25w2020-06-25yLBS1ZNo se presta c47240d47240